La producción del yute en la república argentina /
Guardado en:
| Autor Principal: | |
|---|---|
| Formato: | Libro |
| Publicado: |
Buenos Aires :
,
1944
|
| Materias: | |
| Etiquetas: |
Agregar Etiqueta
Sin Etiquetas, Sea el primero en etiquetar este registro!
|
| LEADER | 00554nam a22001695a 4500 | ||
|---|---|---|---|
| 001 | CEM.cems015784 | ||
| 005 | 20100806155517.0 | ||
| 008 | 130507s1944##################000#0#####d | ||
| 003 | CEMS | ||
| 082 | 0 | 4 | |a 633.5 |
| 100 | 1 | |a Corporación para la Promoción del Intercambio | |
| 245 | 1 | 0 | |a La producción del yute en la república argentina / |c Corporación Para La Promoción Del Intercambio, |
| 260 | |a Buenos Aires : |b , |c 1944 | ||
| 300 | |a 56 p. | ||
| 653 | |a Argentina | ||
| 653 | |a Yute-producción | ||
| 859 | |a CEMS |b BIB. CEMS - Agricultura |h 633.5 |i C817 |p A12747.83 |t Ej.1 | ||
